Διοικητική ενημέρωση τριμηνιαία επιθεώρηση διοικητικής επιστήμης.
Αποθηκεύτηκε σε:
| Μορφή: | Περιοδική έκδοση |
|---|---|
| Γλώσσα: | Greek |
| Δημοσίευση: |
Αθήνα :
Ειδική Εκδοτική Α.Ε.Ε.Β.Ε.,
[19--;]-
|
| Θέματα: | |
| Ετικέτες: |
Προσθήκη ετικέτας
Δεν υπάρχουν, Καταχωρήστε ετικέτα πρώτοι!
|
MARC
| LEADER | 00000nas a2200000 i 4500 | ||
|---|---|---|---|
| 001 | 1/57676 | ||
| 008 | 040617c19 9999gr gre | ||
| 022 | |a 11064749 | ||
| 035 | |l 10073813 | ||
| 040 | |a GR-MY-UA |b gre |e aacr | ||
| 041 | 0 | |a gre | |
| 082 | 0 | |a 352.63 | |
| 245 | 1 | 0 | |a Διοικητική ενημέρωση |h [περιοδικό] : |b τριμηνιαία επιθεώρηση διοικητικής επιστήμης. |
| 260 | |a Αθήνα : |b Ειδική Εκδοτική Α.Ε.Ε.Β.Ε., |c [19--;]- | ||
| 300 | |a τ. : |c 24 εκ. | ||
| 310 | |a Τριμηνιαίο | ||
| 650 | 0 | 0 | |a Civil service |x Periodicals. |
| 650 | 0 | 0 | |a Public administration |x Periodicals. |
| 853 | |a INST |b CHIOS |c SER |h 352.63 | ||
| 901 | |a BIBL2-2004-2 | ||
| 922 | |a 2ΕΛΗ |b 200101 |c ΚΕΝΤΡΙΚΗ ΒΙΒΛΙΟΘΗΚΗ |d ΧΑΡΤΣΙΑΣ | ||
| 970 | |a ΣΑΛΑΜΟΥΡΑ |b ΜΑΡΙΑ |z 2004/06/17 | ||